Central Library OPAC University of Rajshahi

The impact of the war on civilian consumption in the United Kingdom, the United States and Canada; (Record no. 10061)

MARC details
000 -LEADER
fixed length control field 01135cam a22003011 4500
001 - CONTROL NUMBER
control field 10061
003 - CONTROL NUMBER IDENTIFIER
rucl marc code BD-RjUL
005 - DATE AND TIME OF LATEST TRANSACTION
control field 20211208234903.0
008 - FIXED-LENGTH DATA ELEMENTS--GENERAL INFORMATION
fixed length control field 140122s1945 enka f000 0 eng
035 ## - SYSTEM CONTROL NUMBER
System control number (BD-RjUL)10108
System control number (OCoLC)6276489
040 ## - CATALOGING SOURCE
Original cataloging agency DLC
Transcribing agency MH
Modifying agency DLC
-- BD-RjUL
Language of cataloging eng
041 ## - LANGUAGE CODE
Language code of text/sound track or separate title eng
082 ## - DEWEY DECIMAL CLASSIFICATION NUMBER
Classification number 339.4
Author mark and year COI 1945
110 2# - MAIN ENTRY--CORPORATE NAME
Corporate name or jurisdiction name as entry element Combined Production and Resources Board (United States, Great Britain and Canada)
9 (RLIN) 31052
245 14 - TITLE STATEMENT
Title The impact of the war on civilian consumption in the United Kingdom, the United States and Canada;
Remainder of title a report to the Combined Production and Resources Board
Statement of responsibility, etc. from a Special Combined Committee on Non-food Consumption Levels.
260 ## - PUBLICATION, DISTRIBUTION, ETC. (IMPRINT)
Place of publication, distribution, etc. London :
Name of publisher, distributor, etc. H.M. Stationary Off.,
Date of publication, distribution, etc. 1945.
300 ## - PHYSICAL DESCRIPTION
Pagination 163 p. :
Illustrations tables. ;
Size 24 cm.
500 ## - GENERAL NOTE
General note Text on p. [2] of cover.
General note Errata slip inserted.
650 #0 - SUBJECT ADDED ENTRY--TOPICAL TERM
Topical term or geographic name as entry element Consumers
Geographic subdivision United States.
9 (RLIN) 31049
Topical term or geographic name as entry element Consumers
Geographic subdivision Great Britain.
9 (RLIN) 12562
Topical term or geographic name as entry element Consumers
Geographic subdivision Canada.
9 (RLIN) 31050
Topical term or geographic name as entry element World War, 1939-1945
General subdivision Economic aspects
9 (RLIN) 10318
942 ## - ADDED ENTRY ELEMENTS (KOHA)
Source of classification or shelving scheme Dewey Decimal Classification
Koha item type Books
Holdings
Lost status Source of classification or shelving scheme Damaged status Not for loan Collection code Permanent Location Current Location Shelving location Date acquired Source of acquisition Cost, normal purchase price Total Checkouts Full call number Date last seen Copy number Koha item type
  Dewey Decimal Classification   Not For Loan Non-fiction Central Library, University of Rajshahi Central Library, University of Rajshahi Reading Room 01/02/1962 Dr. A. I. Qurishi 2.60   339.4 COI 1945 22/01/2014 C-1 Books